UBT Library

THE WORLD'S EASIEST GUIDE (Record no. 58641)

000 -LEADER
fixed length control field 00331nam a22001457a 4500
008 - FIXED-LENGTH DATA ELEMENTS--GENERAL INFORMATION
fixed length control field 221021b ||||| |||| 00| 0 eng d
020 ## - INTERNATIONAL STANDARD BOOK NUMBER
International Standard Book Number 9780971375673
041 ## - LANGUAGE CODE
Language code of text/sound track or separate title eng
080 ## - UNIVERSAL DECIMAL CLASSIFICATION NUMBER
Edition identifier ERD EDITION
Universal Decimal Classification number 004
082 ## - DEWEY DECIMAL CLASSIFICATION NUMBER
Classification number 004 AMA
100 ## - Rafti
Rafti 18
101 ## - Shkurtesa
Shkurtesa SHK
245 ## - TITLE STATEMENT
Title THE WORLD'S EASIEST GUIDE
Statement of responsibility, etc AMATO C
942 ## - ADDED ENTRY ELEMENTS (KOHA)
Source of classification or shelving scheme
Item type Books
Holdings
Withdrawn status Lost status Source of classification or shelving scheme Damaged status Not for loan Collection code Permanent location Current location Date acquired Total Checkouts Full call number Barcode Date last seen Price effective from Koha item type
          Koleksioni i përgjithshem UBT - Lipjan UBT - Lipjan 10/21/2022   004 AMA 002-800028700260285 10/21/2022 10/21/2022 Books
            UBT - Prishtine UBT - Prishtine 10/21/2022   004 BUC 002-800028700260286 10/21/2022 10/21/2022 Books
UBT Library © 2015-2024. All rights reserved University Education for Business and Technology